000 00704 a2200193 4500
020 _a0792332105
020 _a9780792332107
082 _a515.55
090 _c1157
_d1157
100 1 _aVilenkin, N.Ja.
245 1 0 _aRepresentation of lie groups and special functions :
_brecent advances /
_cN.Ja. Vilenkin, A.U. Klimyk.
260 _a[S.l.] :
_bSpringer,
_c1995.
300 _a516 p. ;
_c25 cm.
490 1 _aMathematics and its applications (closed)
700 1 _aKlimyk, A.U.
830 0 _aMathematics and its applications (closed)
942 _aSNS
_cBK
_k515.55 VIL
999 _c29770
_d29770